[Event "POHÁR města Říčany 2022"]
[Site "Městské kulturní středisko U labutě"]
[Date "2022.08.30"]
[Round "5.14"]
[White "Tichy, Tomas"]
[Black "Bezdek, Tomas"]
[Result "0-1"]
[WhiteElo "1535"]
[BlackElo "2034"]
[PlyCount "0"]
[EventDate "2022.08.27"]

1. e4 e6 2. d4 d5 3. Nd2 Be7 4. Ngf3 Nf6 5. exd5 exd5 6. Bd3 O-O 7. O-O b6
8. Re1 Bg4 9. Nf1 c5 10. c3 cxd4 11. cxd4 Nc6 12. Bb5 Bxf3 13. gxf3 Rc8 14. Qa4
Nb4 15. Ne3 a6 16. Bf1 b5 17. Qb3 Re8 18. Bh3 Ra8 19. Bd2 Nc6 20. Nf5 Qb6
21. Nxe7+ Nxe7 22. Bb4 Ng6 23. Bc5 Qc7 24. a4 Qf4 25. axb5 Nh4 26. Re3 axb5
27. Rd1 Rxe3 28. Qxe3 Nxf3+ 29. Kf1 Qxe3 30. fxe3 Nxh2+ 31. Kg2 Nhg4 32. Kf3 h5
33. Kf4 Re8 34. Bxg4 Nxg4 35. Rd3 Re4+ 36. Kf3 h4 37. Bd6 h3 38. Bf4 f5 39. Rd1
Re6 40. Rh1 h2 41. Bxh2 Rxe3+ 42. Kf4 Rh3 43. Kxf5 Rxh2 44. Rc1 Nf6 45. Rc8+ Kh7
0-1

[Event "POHÁR města Říčany 2022"]
[Site "Městské kulturní středisko U labutě"]
[Date "2022.08.30"]
[Round "5.15"]
[White "Taborsky, Rostislav"]
[Black "Mrazek, Adam"]
[Result "1-0"]
[WhiteElo "2192"]
[BlackElo "1546"]
[PlyCount "0"]
[EventDate "2022.08.27"]

1. d4 Nf6 2. c4 g6 3. Nc3 Bg7 4. e4 d6 5. Be2 O-O 6. Bg5 c5 7. d5 a6 8. a4 Qa5
9. Bd2 e6 10. Nf3 exd5 11. exd5 Bg4 12. O-O Qc7 13. a5 Nbd7 14. h3 Bxf3 15. Bxf3
Rfe8 16. Qc2 Rab8 17. Na4 b5 18. axb6 Nxb6 19. Ba5 Nfd7 20. Rfe1 Be5 21. Re2 Qb7
22. Rae1 Kf8 23. Nxb6 Nxb6 24. Re3 Nd7 25. Qa4 Nb6 26. Qb3 Nd7 27. Qxb7 Rxb7
28. Bd1 Rxb2 29. Ba4 Re7 30. Bd8 Re8 31. Bg5 Rb7 32. Bh6+ Kg8 33. Bc6 Ra7
34. Kf1 Rd8 35. f4 Bg7 36. Re8+ Rxe8 37. Rxe8+ Nf8 38. Bxg7 Kxg7 39. Rd8 a5
40. Ba4 Ra6 41. Rb8 h5 42. g4 hxg4 43. hxg4 f5 44. g5 Kf7 45. Kf2 Ke7 46. Rb7+
Kd8 47. Rf7 1-0

[Event "POHÁR města Říčany 2022"]
[Site "Městské kulturní středisko U labutě"]
[Date "2022.08.30"]
[Round "5.16"]
[White "Skala, Jaromir"]
[Black "Yagiz, Bora"]
[Result "1-0"]
[WhiteElo "1862"]
[BlackElo "2154"]
[PlyCount "0"]
[EventDate "2022.08.27"]

1. d4 d5 2. c4 c6 3. Nc3 dxc4 4. a4 e5 5. e3 exd4 6. exd4 Be6 7. Nf3 h6 8. Ne5
Nf6 9. Bxc4 Bxc4 10. Nxc4 Na6 11. O-O Be7 12. Be3 O-O 13. Qf3 Nb4 14. Rfd1 Nbd5
15. a5 b5 16. Ne5 Qd6 17. Rac1 Rac8 18. Qf5 Rc7 19. g4 b4 20. Ne2 Nh7 21. Ng3
Nxe3 22. fxe3 Bg5 23. Qf3 Nf6 24. Nf5 Qd5 25. Qxd5 cxd5 1-0

[Event "POHÁR města Říčany 2022"]
[Site "Městské kulturní středisko U labutě"]
[Date "2022.08.30"]
[Round "5.18"]
[White "Hlavacek, Ondrej"]
[Black "Seidl, Jan"]
[Result "1/2-1/2"]
[WhiteElo "1831"]
[BlackElo "1949"]
[PlyCount "0"]
[EventDate "2022.08.27"]

1. e4 c6 2. d4 d5 3. f3 e6 4. Nc3 Bb4 5. Ne2 Ne7 6. a3 Bxc3+ 7. Nxc3 b6 8. Be3
Ba6 9. Bxa6 Nxa6 10. O-O O-O 11. Qd3 Nc7 12. Ne2 Ne8 13. Ng3 Rc8 14. Rad1 Nd6
15. Bf4 Nc4 16. Bc1 c5 17. b3 Nd6 18. dxc5 bxc5 19. exd5 exd5 20. Bf4 Qd7
21. Bxd6 Qxd6 22. Nf5 Nxf5 23. Qxf5 Rfd8 24. Rfe1 c4 25. bxc4 Qc5+ 26. Kh1 Qxc4
27. Re7 d4 28. Rxa7 g6 29. Qf4 Qe6 30. h3 Rc4 31. Qg5 Re8 32. Qd2 1/2-1/2

[Event "POHÁR města Říčany 2022"]
[Site "Městské kulturní středisko U labutě"]
[Date "2022.08.30"]
[Round "5.19"]
[White "Horinek, Karel"]
[Black "Svetly, Jiri"]
[Result "0-1"]
[WhiteElo "1946"]
[BlackElo "1825"]
[PlyCount "0"]
[EventDate "2022.08.27"]

1. e4 d6 2. g3 c5 3. Bg2 Nc6 4. Ne2 g6 5. Nbc3 Bg7 6. f4 h5 7. h3 f5 8. Nd5 e6
9. Ne3 fxe4 10. Bxe4 Nge7 11. d3 d5 12. Bf3 Nd4 13. Nxd4 cxd4 14. Ng2 Nf5
15. Kf2 Bd7 16. Re1 Kf7 17. Re2 Bf6 18. Ne1 Qb6 19. Kg2 Rag8 20. Kh2 Qc7 21. Rg2
Qd6 22. Be2 h4 23. g4 Ne3 24. Bxe3 dxe3 25. Nf3 Qxf4+ 26. Kh1 d4 27. Qf1 g5
28. c3 e5 29. cxd4 exd4 30. Rc1 Rc8 31. Qd1 Bc6 32. Rh2 Kg7 33. Rg2 Rhf8 0-1

[Event "POHÁR města Říčany 2022"]
[Site "Městské kulturní středisko U labutě"]
[Date "2022.08.30"]
[Round "5.20"]
[White "Vavrinec, Tomas"]
[Black "Zemen, Pavel"]
[Result "0-1"]
[WhiteElo "1911"]
[BlackElo "1731"]
[PlyCount "0"]
[EventDate "2022.08.27"]

1. Nf3 Nf6 2. c4 d6 3. Nc3 g6 4. g3 Bg7 5. Bg2 O-O 6. O-O e5 7. d4 Nc6 8. dxe5
Nxe5 9. Nd2 c6 10. e4 Be6 11. Qe2 Ned7 12. Rd1 Qe7 13. Rb1 Rad8 14. b3 Nb6
15. Ba3 Rd7 16. e5 Ne8 17. f4 Nc8 18. Nde4 f5 19. Ng5 Nc7 20. Rd3 Rfd8 21. Re1
Re8 22. Qd2 Red8 23. Rd1 Bf8 24. Ne2 h6 25. Nxe6 Qxe6 26. Nd4 Qf7 27. Nc2 Ne8
28. Ne3 Qe6 29. Bh3 Nb6 30. Bg2 dxe5 31. Rxd7 Rxd7 32. Qb2 Rxd1+ 33. Nxd1 Bxa3
34. Qxa3 exf4 35. Nf2 fxg3 36. hxg3 Nc8 37. Qb4 Qe7 38. Qd2 Nf6 39. Qxh6 Qe1+
0-1

[Event "POHÁR města Říčany 2022"]
[Site "Městské kulturní středisko U labutě"]
[Date "2022.08.30"]
[Round "5.21"]
[White "Pressler, Tobias"]
[Black "Blumel, Otto"]
[Result "0-1"]
[WhiteElo "1821"]
[BlackElo "1907"]
[PlyCount "0"]
[EventDate "2022.08.27"]

1. e4 c5 2. Nf3 Nc6 3. d4 cxd4 4. Nxd4 e5 5. Nb3 Nf6 6. Nc3 Bb4 7. Bg5 h6
8. Bxf6 Qxf6 9. Qd2 Qg6 10. f3 O-O 11. a3 Be7 12. Nd5 Bg5 13. Qf2 f5 14. Bc4 Kh8
15. exf5 Qxf5 16. O-O d6 17. h4 Bd8 18. Ne3 Qh5 19. g3 Bh3 20. g4 Qxh4 21. Nf5
Qg5 22. Rfd1 Rxf5 23. Qe2 Bb6+ 24. Kh1 Bxg4 25. fxg4 Rf2 0-1

[Event "POHÁR města Říčany 2022"]
[Site "Městské kulturní středisko U labutě"]
[Date "2022.08.30"]
[Round "5.22"]
[White "Voracek, Zdenek"]
[Black "Hampl, David"]
[Result "0-1"]
[WhiteElo "1891"]
[BlackElo "1639"]
[PlyCount "0"]
[EventDate "2022.08.27"]

1. d4 Nf6 2. c4 g6 3. Nc3 d5 4. b3 dxc4 5. bxc4 c5 6. d5 Bg7 7. Bd2 O-O 8. e4
Qc7 9. Bd3 e6 10. Nge2 exd5 11. exd5 Re8 12. O-O Ng4 13. Bf4 Be5 14. Nb5 Qd8
15. d6 Na6 16. h3 Qf6 17. hxg4 Bxf4 18. Bxg6 Rxe2 19. Qxe2 hxg6 20. g3 Bxd6
21. Rad1 Bf8 22. Qe8 Qe7 23. Rfe1 Qxe8 24. Rxe8 Bxg4 25. Rxa8 Bxd1 26. Kg2 Be2
27. Nd6 Kg7 28. Nxb7 Bxc4 29. Rxa7 Bxa2 30. Nxc5 Bd5+ 31. f3 Nxc5 32. Ra5 Be6
33. Kf2 Bd6 34. Rb5 Kf6 35. Ra5 Nd3+ 36. Ke3 Nc1 37. Kf2 Nb3 38. Ra4 Nd4 39. Kg2
Nf5 40. g4 Ne3+ 41. Kf2 Bc5 42. Kg3 Nd5 43. Ra6 Kg5 44. Ra5 Bd6+ 45. Kf2 Kf4
46. Ra4+ Nb4 47. Ra5 Bd5 48. Ra1 Bc5+ 0-1

[Event "POHÁR města Říčany 2022"]
[Site "Městské kulturní středisko U labutě"]
[Date "2022.08.30"]
[Round "5.23"]
[White "Petrun, Milan"]
[Black "Jankovsky, Zbynek"]
[Result "1-0"]
[WhiteElo "1880"]
[BlackElo "1552"]
[PlyCount "0"]
[EventDate "2022.08.27"]

1. e4 e6 2. d4 b6 3. Nc3 Bb7 4. Bd3 Bb4 5. Bd2 d5 6. e5 Nc6 7. Nce2 Bxd2+
8. Qxd2 a5 9. c3 f5 10. Nf4 Qe7 11. Qe2 g6 12. a3 Kf7 13. h4 h5 14. Nf3 Bc8
15. c4 dxc4 16. Bxc4 Nd8 17. d5 Kg7 18. Rd1 Nh6 19. Ng5 exd5 20. Nxd5 Qc5 21. e6
Re8 22. Qe5+ Kg8 23. Nf6+ Kh8 24. Qxc5 1-0

[Event "POHÁR města Říčany 2022"]
[Site "Městské kulturní středisko U labutě"]
[Date "2022.08.30"]
[Round "5.24"]
[White "Strnad, Michael"]
[Black "Benes, Jachym"]
[Result "0-1"]
[WhiteElo "1818"]
[BlackElo "1876"]
[PlyCount "0"]
[EventDate "2022.08.27"]

1. d4 f5 2. Nf3 Nf6 3. Bf4 g6 4. e3 Bg7 5. c3 O-O 6. Be2 d6 7. h3 e6 8. O-O
Nbd7 9. Nbd2 Qe7 10. Qb3 Kh8 11. Bg5 e5 12. d5 h6 13. Bxf6 Nxf6 14. Rfe1 g5
15. Bf1 Qf7 16. c4 g4 17. hxg4 fxg4 18. Nh2 g3 19. fxg3 Nh5 20. Nhf3 Nxg3
21. Bd3 Bg4 22. Qc2 Qh5 23. Bg6 Qh1+ 24. Kf2 Qh4 25. Kg1 Bxf3 26. Nxf3 Rxf3 0-1

[Event "POHÁR města Říčany 2022"]
[Site "Městské kulturní středisko U labutě"]
[Date "2022.08.30"]
[Round "5.25"]
[White "Chmelik, Ladislav"]
[Black "Tejkal, Jiri"]
[Result "1/2-1/2"]
[WhiteElo "1734"]
[BlackElo "1869"]
[PlyCount "0"]
[EventDate "2022.08.27"]

1. d4 Nf6 2. c4 e6 3. a3 b6 4. Nc3 Bb7 5. Nf3 Be7 6. Qc2 d5 7. cxd5 exd5 8. Bf4
c6 9. e3 Nbd7 10. h3 O-O 11. Rc1 Re8 12. Bd3 Nf8 13. O-O Ng6 14. Bg5 Nd7
15. Bxe7 Qxe7 16. Ne2 Ngf8 17. Ng3 g6 18. Rfe1 Qf6 19. e4 c5 20. e5 Qe7 21. Bb5
Rec8 22. Qd2 Kg7 23. Bxd7 Nxd7 24. Qf4 Nf8 25. h4 Ne6 26. Qg4 Kh8 27. h5 Rg8
28. h6 Bc8 29. dxc5 bxc5 30. Qa4 Bd7 31. Qa5 Rgb8 32. Qd2 Bc6 33. Rb1 Rb3
34. Re3 Rxe3 35. Qxe3 d4 36. Qd2 Bxf3 37. gxf3 Qg5 38. Qxg5 Nxg5 39. Kg2 Rb8
40. Rc1 Ne6 41. Ne4 Rc8 42. Kg3 d3 43. b3 Rc6 44. Rd1 {ne�iteln� a ned�v� smysl}
1/2-1/2

[Event "POHÁR města Říčany 2022"]
[Site "Městské kulturní středisko U labutě"]
[Date "2022.08.30"]
[Round "5.26"]
[White "Steiner, Juraj"]
[Black "Gacho, Ondrej"]
[Result "1-0"]
[WhiteElo "2005"]
[BlackElo "1517"]
[PlyCount "0"]
[EventDate "2022.08.30"]

1. d4 d5 2. c4 e6 3. Nc3 Nf6 4. cxd5 exd5 5. Bg5 Be7 6. e3 c6 7. Qc2 Be6 8. Bd3
Nbd7 9. Nge2 h6 10. Bh4 O-O 11. O-O Rc8 12. Rad1 c5 13. Qb1 a6 14. dxc5 Nxc5
15. Bc2 Qb6 16. Bxf6 Bxf6 17. b4 Bxc3 18. Nxc3 d4 19. Rxd4 Nd7 20. Ne4 Bf5
21. Nf6+ Nxf6 22. Bxf5 Rc3 23. Rc1 Qc6 24. Rxc3 Qxc3 25. h3 Re8 26. Qd3 Qa1+
27. Kh2 Qxa2 28. Kg3 a5 29. Qb5 a4 30. Bd3 a3 31. Qxb7 Qb2 32. Bc4 Rf8 33. Qa7
Qxb4 34. Bxf7+ Rxf7 35. Qxf7+ Kxf7 36. Rxb4 a2 37. Ra4 Ne4+ 38. Kf3 Nc3 39. Ra5
Ke6 40. e4 Kd6 41. Ke3 Kc6 42. Kd3 Nb5 1-0

[Event "POHÁR města Říčany 2022"]
[Site "Městské kulturní středisko U labutě"]
[Date "2022.08.30"]
[Round "5.27"]
[White "Pavlicek, Petr"]
[Black "Cervenka, Petr"]
[Result "0-1"]
[WhiteElo "1781"]
[BlackElo "1928"]
[PlyCount "0"]
[EventDate "2022.08.27"]

1. d4 e6 2. Nf3 f5 3. g3 Nf6 4. Bg2 Be7 5. O-O O-O 6. c4 Ne4 7. Nfd2 d5 8. b3
Bf6 9. e3 c5 10. Bb2 cxd4 11. Nxe4 dxe4 12. Bxd4 Nc6 13. Bxf6 Qxf6 14. Nd2 Rd8
15. Qc1 Rd3 16. Rd1 Bd7 17. Bf1 Rc3 18. Qa3 Rc2 19. Rac1 Rxc1 20. Qxc1 Ne5
21. Be2 Bc6 22. Nf1 g5 23. Rd6 Rf8 24. Qd2 Qh6 25. Qd1 Qh3 26. Rxe6 Nf3+ 27. Kh1
f4 28. Qa1 Ne1 29. Qxe1 f3 0-1

[Event "POHÁR města Říčany 2022"]
[Site "Městské kulturní středisko U labutě"]
[Date "2022.08.30"]
[Round "5.28"]
[White "Konvalinka, Vladislav"]
[Black "Bartos, Vaclav"]
[Result "0-1"]
[WhiteElo "1764"]
[BlackElo "1889"]
[PlyCount "0"]
[EventDate "2022.08.27"]

1. d4 Nf6 2. c4 e6 3. g3 Bb4+ 4. Bd2 Qe7 5. Bg2 O-O 6. a3 Bxd2+ 7. Qxd2 d6
8. Nc3 Nbd7 9. Nf3 e5 10. dxe5 dxe5 11. Ng5 Nc5 12. Qc2 h6 13. Nge4 Nfxe4
14. Nxe4 Bf5 15. b4 Nxe4 16. Bxe4 Bh3 17. Bxb7 Rad8 18. Bd5 Rd6 19. O-O-O Ra6
20. Kb2 Rb8 21. c5 Ra5 22. Bb3 Rab5 23. Rc1 a5 24. Ba4 R5b7 25. Bc6 axb4
26. Bxb7 bxa3+ 27. Kxa3 Rxb7 28. Qa4 Rb8 29. Qa7 Qd8 30. Rhd1 Qc8 0-1

[Event "POHÁR města Říčany 2022"]
[Site "Městské kulturní středisko U labutě"]
[Date "2022.08.30"]
[Round "5.29"]
[White "Maslo, Ondrej"]
[Black "Cabart, Pavel"]
[Result "1-0"]
[WhiteElo "1870"]
[BlackElo "1757"]
[PlyCount "0"]
[EventDate "2022.08.27"]

1. e4 c5 2. c3 d5 3. exd5 Qxd5 4. d4 g6 5. Nf3 Bg7 6. Be3 cxd4 7. cxd4 Nf6
8. Nc3 Qd8 9. Bc4 O-O 10. O-O b6 11. Ne5 e6 12. Qf3 Ba6 13. Qxa8 Bxc4 14. Nxc4
Qc7 15. Ne5 1-0

[Event "POHÁR města Říčany 2022"]
[Site "Městské kulturní středisko U labutě"]
[Date "2022.08.30"]
[Round "5.30"]
[White "Horyna, Josef"]
[Black "Havelka, Petr"]
[Result "1/2-1/2"]
[WhiteElo "1694"]
[BlackElo "1817"]
[PlyCount "0"]
[EventDate "2022.08.27"]

1. d4 d5 2. Nf3 Nf6 3. g3 c6 4. Bg2 Bf5 5. O-O h6 6. c4 e6 7. cxd5 exd5 8. Nc3
Bd6 9. b3 O-O 10. Bb2 Nbd7 11. e3 Ne4 12. Nd2 Nxc3 13. Bxc3 Nf6 14. Re1 Qd7
15. Rc1 Bc7 16. b4 Bh3 17. Qe2 Bxg2 1/2-1/2

[Event "POHÁR města Říčany 2022"]
[Site "Městské kulturní středisko U labutě"]
[Date "2022.08.30"]
[Round "5.31"]
[White "Bednar, Milos"]
[Black "Glasberger, Roman"]
[Result "1-0"]
[WhiteElo "1798"]
[BlackElo "1533"]
[PlyCount "0"]
[EventDate "1-0"]

1. d4 Nf6 2. Bf4 d6 3. e3 g6 4. Nf3 Bg7 5. Bd3 Nbd7 6. Nbd2 c5 7. c3 O-O 8. O-O
Nh5 9. Bg3 Nxg3 10. hxg3 b6 11. Re1 h6 12. e4 Qc7 13. Nf1 Bb7 14. Ne3 Nf6
15. Nc4 b5 16. Nxd6 Qxd6 17. e5 Qb6 18. exf6 Bxf6 19. dxc5 Qxc5 20. Qb3 a6
21. Rad1 Bd5 22. Qc2 Bxa2 23. b3 Bxb3 24. Qxb3 Qxc3 25. Qa2 b4 26. Bc2 Rfd8
27. Bb3 Rxd1 28. Rxd1 Qb2 29. Qa4 a5 30. Rd2 Qa1+ 31. Qxa1 Bxa1 32. Ra2 Bf6
33. Kf1 Kf8 34. Ke2 {necitelne} 1-0

[Event "POHÁR města Říčany 2022"]
[Site "Městské kulturní středisko U labutě"]
[Date "2022.08.30"]
[Round "5.32"]
[White "Sadil, Antonin"]
[Black "Kovar, Jan"]
[Result "1/2-1/2"]
[WhiteElo "1546"]
[BlackElo "1798"]
[PlyCount "0"]
[EventDate "2022.08.27"]

1. e4 e6 2. d4 d5 3. Nc3 Nf6 4. e5 Nfd7 5. f4 c5 6. Nf3 Nc6 7. Be3 a6 8. a3 b5
9. Be2 Qb6 10. Qd2 cxd4 11. Nxd4 Bc5 12. O-O-O O-O 13. b4 Bxd4 14. Bxd4 Nxd4
15. Qxd4 f6 16. exf6 Qxd4 17. Rxd4 Nxf6 18. Bf3 Bd7 19. Re1 Rac8 20. Kd2 Rfe8
21. g3 Kf8 22. Nd1 Re7 23. Nf2 Be8 24. c3 Rc4 25. Ng4 Nxg4 26. Bxg4 Bf7 27. Rxc4
dxc4 28. Ke3 Rd7 29. Rd1 Ke7 30. Rxd7+ Kxd7 31. Kd4 Kd6 32. Bf3 Be8 33. Bb7 h6
34. Bxa6 Bc6 35. g4 Be8 36. Bb7 Bd7 37. h4 Be8 38. Be4 Bd7 39. Bg6 Bc6 40. h5
Bd7 41. g5 Bc6 42. Be4 Be8 43. g6 Bd7 44. Bc2 Bc6 45. Bd1 Bd7 46. a4 bxa4
47. Kxc4 a3 48. Bb3 Bc6 49. Kd4 Ba4 50. Ba2 Bd1 51. c4 Bxh5 52. c5+ Kc6 53. Bxe6
Bxg6 54. Kc3 Bb1 55. Bf7 Be4 56. Kd4 1/2-1/2

[Event "POHÁR města Říčany 2022"]
[Site "Městské kulturní středisko U labutě"]
[Date "2022.08.30"]
[Round "5.33"]
[White "Chernyy, Andrey"]
[Black "Kalveus, Jan"]
[Result "1-0"]
[WhiteElo "1534"]
[BlackElo "1790"]
[PlyCount "0"]
[EventDate "2022.08.27"]

1. e4 e6 2. d4 d5 3. Nd2 Nf6 4. e5 Nfd7 5. Bd3 c5 6. c3 Nc6 7. Ne2 cxd4 8. cxd4
f6 9. exf6 Nxf6 10. O-O Bd6 11. Nf3 O-O 12. Bf4 Bxf4 13. Nxf4 Qd6 14. Ne2 e5
15. dxe5 Nxe5 16. Nxe5 Qxe5 17. Qd2 Bd7 18. Ng3 Kh8 19. Be2 Bc6 20. Bf3 Rad8
21. Rfe1 Ne4 22. Qc2 Rf4 23. Rad1 Rdf8 24. Bxe4 dxe4 25. f3 Qa5 26. Nxe4 Qxa2
27. Ng5 Rh4 28. Ne6 Rg8 29. Qc3 Qc4 30. Nd8 h6 31. Nxc6 Qxc3 32. bxc3 bxc6
33. Rd7 a5 34. Ra7 a4 35. Re4 Rh5 36. Raxa4 Rc5 37. Rac4 Rxc4 38. Rxc4 Rc8
39. Kf2 Kg8 40. Ke3 Kf7 41. Kd4 Ke6 42. Kc5 Ra8 43. Kxc6 h5 44. g4 g6 45. gxh5
gxh5 46. Re4+ Kf5 47. c4 Ra3 48. c5 Rxf3 49. Rc4 Rf2 50. h4 Rg2 51. Kd5 Rg8
52. c6 Rd8+ 53. Kc5 Ke5 54. c7 Rc8 55. Kc6 Ke6 56. Rb4 Kf5 57. Rb8 1-0

[Event "POHÁR města Říčany 2022"]
[Site "Městské kulturní středisko U labutě"]
[Date "2022.08.30"]
[Round "5.34"]
[White "Petras, Milan"]
[Black "Feierfeil, Jiri"]
[Result "0-1"]
[WhiteElo "1896"]
[BlackElo "1684"]
[PlyCount "0"]
[EventDate "2022.08.27"]

1. e4 c5 2. c3 d6 3. d4 cxd4 4. cxd4 Nf6 5. Nc3 a6 6. Nf3 g6 7. h3 b5 8. a3 Bg7
9. Be3 Bb7 10. Bd3 O-O 11. Qd2 Nc6 12. b4 Nd7 13. Rc1 Rc8 14. O-O Nb6 15. Bh6
Re8 16. Bxg7 Kxg7 17. Qe3 e6 18. Nd2 f5 19. f4 Ne7 20. Nb3 fxe4 21. Nxe4 Nf5
22. Qf2 Qd7 23. Na5 Ba8 24. g4 Ne7 25. d5 Nexd5 26. Rxc8 Nxc8 27. Nc3 Qa7
28. Ne4 Qxf2+ 29. Rxf2 Rf8 30. f5 exf5 31. Ng5 Re8 32. gxf5 Re1+ 33. Kh2 gxf5
34. Rxf5 Nf6 35. Rf2 Rh1+ 36. Kg3 Rg1+ 37. Kh4 Be4 38. Rc2 Ne7 39. Rc7 Re1
40. Nxe4 Kf7 0-1

[Event "POHÁR města Říčany 2022"]
[Site "Městské kulturní středisko U labutě"]
[Date "2022.08.30"]
[Round "5.35"]
[White "Popov, Roman"]
[Black "Pisar, Tomas"]
[Result "1/2-1/2"]
[WhiteElo "1878"]
[BlackElo "1624"]
[PlyCount "0"]
[EventDate "2022.08.27"]

1. d4 Nf6 2. c4 g6 3. Nf3 Bg7 4. Nc3 d5 5. e3 O-O 6. Qb3 c6 7. Bd2 b6 8. cxd5
cxd5 9. Bd3 Nc6 10. O-O Bb7 11. a4 Na5 12. Qd1 Rc8 13. Nb5 a6 14. Bxa5 bxa5
15. Nc3 Ne4 16. Ra3 Nxc3 17. bxc3 Qd6 18. Rb3 Bc6 19. Qa1 Rb8 20. Rfb1 Rxb3
21. Rxb3 Rb8 22. Qb2 Rxb3 23. Qxb3 Bd7 24. h3 h6 25. c4 dxc4 26. Bxc4 e6 27. Nd2
Qc6 28. d5 exd5 29. Bxd5 Qc1+ 30. Nf1 Be8 31. Qb8 Kf8 32. Qd6+ Kg8 33. Qd8 Kf8
34. Qxa5 Qc8 35. Qb4+ Kg8 36. Bb3 Bc3 37. Qe4 Kg7 38. Ng3 a5 39. Ne2 Bf6 40. Nd4
Bd7 41. Qd5 Qc1+ 42. Kh2 Qc7+ 43. g3 Bc8 44. Nb5 Qe7 45. Qd6 Bd7 46. Qxe7 Bxe7
47. Nd4 Kf6 48. Kg2 Bb4 49. h4 Be8 50. Nc2 Bd6 51. f4 Kf5 52. Kf3 Bc6+ 53. Kf2
Be8 54. Kf3 1/2-1/2

[Event "POHÁR města Říčany 2022"]
[Site "Městské kulturní středisko U labutě"]
[Date "2022.08.30"]
[Round "5.36"]
[White "Koper, Stefan"]
[Black "Pechanek, Krystof Jan"]
[Result "1-0"]
[WhiteElo "1823"]
[BlackElo "1556"]
[PlyCount "0"]
[EventDate "2022.08.27"]

1. d4 Nf6 2. c4 d6 3. Nc3 g6 4. e4 Bg7 5. Nge2 O-O 6. Ng3 e5 7. d5 Ne8 8. Bd3
Na6 9. O-O Nc5 10. Bc2 a5 11. Be3 b6 12. Qd2 Nd7 13. Bh6 Nef6 14. f3 Rb8 15. a4
Re8 16. Bxg7 Kxg7 17. h3 Ng8 18. Rac1 Qh4 19. Qf2 Rf8 20. Nf5+ 1-0

[Event "POHÁR města Říčany 2022"]
[Site "Městské kulturní středisko U labutě"]
[Date "2022.08.30"]
[Round "5.37"]
[White "Pejrimovska, Viola Ruby"]
[Black "Pejrimovsky, Tadeas Rubel"]
[Result "0-1"]
[WhiteElo "1626"]
[BlackElo "1716"]
[PlyCount "0"]
[EventDate "2022.08.27"]

1. e4 e6 2. Nf3 d5 3. e5 c5 4. b4 c4 5. c3 a5 6. b5 Qb6 7. a4 Bc5 8. Qe2 Nd7
9. Ba3 f6 10. Bxc5 Nxc5 11. Qd3 Nxa4 12. Nd4 Nc5 13. Qg3 Qc7 14. b6 Qxe5+
15. Qxe5 fxe5 16. Nb5 Kd7 17. Nc7 Rb8 18. Na3 Kc6 19. Rb1 Nf6 20. Nab5 Kxb6
21. f3 Kc6 22. Kf2 Na6 23. Nxa6 bxa6 24. Na3 Rxb1 25. Nxb1 Rf8 26. d3 cxd3
27. Bxd3 e4 28. Be2 e5 29. Ke3 Kc5 30. Rd1 d4+ 31. cxd4+ exd4+ 32. Rxd4
{necitelne} 0-1

[Event "POHÁR města Říčany 2022"]
[Site "Městské kulturní středisko U labutě"]
[Date "2022.08.30"]
[Round "5.38"]
[White "Hosova, Sandra"]
[Black "Zabehlicky, Jiri"]
[Result "1-0"]
[WhiteElo "1708"]
[BlackElo "1429"]
[PlyCount "0"]
[EventDate "2022.08.30"]

1. d4 Nf6 2. Nf3 e6 3. Bf4 b6 4. e3 Bb7 5. Bd3 d5 6. Nbd2 Be7 7. Ne5 O-O 8. Qf3
Nbd7 9. g4 Nxe5 10. dxe5 Ne8 11. h4 f6 12. exf6 Bxf6 13. O-O-O e5 14. g5 e4
15. Nxe4 Be5 16. Ng3 Bxf4 17. exf4 Qd6 18. Ne2 Rd8 19. Qh5 g6 20. Qg4 Bc8
21. Qg3 Ng7 22. Be4 c6 23. Bf3 Nf5 24. Qh2 Ba6 25. h5 Bxe2 26. hxg6 Qxg6
27. Bxe2 Rd7 28. Bd3 Re7 29. Qg2 Rfe8 30. Rh6 Qf7 31. Rf6 1-0

[Event "POHÁR města Říčany 2022"]
[Site "Městské kulturní středisko U labutě"]
[Date "2022.08.30"]
[Round "5.39"]
[White "Meca, Viktor"]
[Black "Hampel, Rudolf"]
[Result "1-0"]
[WhiteElo "1796"]
[BlackElo "1597"]
[PlyCount "0"]
[EventDate "2022.08.27"]

1. e4 c5 2. Nf3 e6 3. d4 cxd4 4. Nxd4 Nf6 5. f3 Nc6 6. Nc3 Bb4 7. Nxc6 bxc6
8. Qd3 O-O 9. Bd2 d5 10. exd5 exd5 11. O-O-O a5 12. a3 Bd6 13. g4 Ba6 14. Qf5
Bxf1 15. Rdxf1 Qc7 16. h4 Rfb8 17. Nd1 Nd7 18. h5 Rb7 19. g5 Ne5 20. f4 Nc4
21. Bc3 Rab8 22. g6 Bxa3 23. gxh7+ Kh8 24. Bxg7+ Kxg7 25. Rhg1+ Kh8 26. Qf6+ 1-0

[Event "POHÁR města Říčany 2022"]
[Site "Městské kulturní středisko U labutě"]
[Date "2022.08.30"]
[Round "5.40"]
[White "Kubice, Jakub"]
[Black "Sboev, Kirill"]
[Result "1/2-1/2"]
[WhiteElo "1750"]
[BlackElo "1522"]
[PlyCount "0"]
[EventDate "2022.08.27"]

1. d4 Nf6 2. Nf3 d5 3. c4 e6 4. g3 dxc4 5. Qa4+ Nbd7 6. Bg2 a6 7. Qxc4 b5
8. Qc2 Bb7 9. Nbd2 c5 10. O-O cxd4 11. Nxd4 Bxg2 12. Kxg2 Rc8 13. Qd3 Bc5
14. N2b3 Bb6 15. Bg5 O-O 16. Rac1 Nc5 17. Qf3 Nce4 18. Rxc8 Qxc8 19. Rc1 Nxg5
20. Rxc8 Nxf3 21. Rxf8+ Kxf8 22. Nxf3 Ne4 23. e3 f6 24. Nbd2 Nc5 25. Nd4 Ke7
26. b4 Nd3 27. N4b3 f5 28. a3 e5 29. f3 g5 30. h3 h5 31. g4 hxg4 32. hxg4 f4
33. exf4 Kd6 1/2-1/2

[Event "POHÁR města Říčany 2022"]
[Site "Městské kulturní středisko U labutě"]
[Date "2022.08.30"]
[Round "5.41"]
[White "Rerabek, Jaroslav"]
[Black "Mach, Jan"]
[Result "1-0"]
[WhiteElo "1673"]
[BlackElo "1737"]
[PlyCount "0"]
[EventDate "2022.08.27"]

1. e4 e5 2. Nf3 Nc6 3. Bc4 Nf6 4. d3 d6 5. h3 Be7 6. c3 O-O 7. Bb3 Na5 8. Bc2
c5 9. O-O Qc7 10. Bg5 Be6 11. Nbd2 Nc6 12. Bb3 Bxb3 13. axb3 a6 14. Nc4 d5
15. Bxf6 dxc4 16. Bxe7 Qxe7 17. bxc4 Rfd8 18. Qc2 Rd6 19. Rfd1 Rad8 20. Ne1 Qd7
21. Qe2 Rg6 22. Kh1 Rd6 23. Qe3 b6 24. Rxa6 Qb7 25. Raa1 Qc7 26. Ra2 Rb8
27. Rda1 Rdd8 28. b3 Rd7 29. Ra4 Rdd8 30. b4 cxb4 31. cxb4 Nd4 32. Ra7 Rb7
33. Rxb7 Qxb7 34. b5 Qc7 35. Ra6 f6 36. Qd2 Qb7 37. Qa2 Kh8 38. Ra7 Qb8 39. Qa6
1-0